MARC details
| 000 -LEADER |
| fixed length control field |
02408cam a2200565 a 4500 |
| 001 - CONTROL NUMBER |
| control field |
20944 |
| 003 - CONTROL NUMBER IDENTIFIER |
| control field |
VRT |
| 005 - DATE AND TIME OF LATEST TRANSACTION |
| control field |
20260207111353.0 |
| 008 - FIXED-LENGTH DATA ELEMENTS--GENERAL INFORMATION |
| fixed length control field |
250313s1944 xo 000 d slo c |
| 015 ## - NATIONAL BIBLIOGRAPHY NUMBER |
| National bibliography number |
SNBA19421945-040/0758 |
| 035 ## - SYSTEM CONTROL NUMBER |
| System control number |
SK01SNKBKSD220010064660 |
| 035 ## - SYSTEM CONTROL NUMBER |
| System control number |
urn:nbn:sk:snk-am3hkpe |
| 035 ## - SYSTEM CONTROL NUMBER |
| System control number |
0A172001-7995-4E12-84BC-2035855570F7 |
| 035 ## - SYSTEM CONTROL NUMBER |
| System control number |
urn:nbn:sk:snk-am00d3s8 |
| 035 ## - SYSTEM CONTROL NUMBER |
| System control number |
SKM000067123 |
| 039 #9 - LEVEL OF BIBLIOGRAPHIC CONTROL AND CODING DETAIL [OBSOLETE] |
| Level of rules in bibliographic description |
202503131220 |
| Level of effort used to assign nonsubject heading access points |
VLOAD |
| Level of effort used to assign subject headings |
202205120824 |
| Level of effort used to assign classification |
VLOAD |
| Level of effort used to assign subject headings |
202010221340 |
| Level of effort used to assign classification |
VLOAD |
| Level of effort used to assign subject headings |
202006181339 |
| Level of effort used to assign classification |
csnk20 |
| 040 ## - CATALOGING SOURCE |
| Original cataloging agency |
SNK |
| Language of cataloging |
slo |
| Transcribing agency |
SNK |
| Description conventions |
AACR2 |
| 041 1# - LANGUAGE CODE |
| Language code of text/sound track or separate title |
slo |
| Language code of original |
rus |
| 044 ## - COUNTRY OF PUBLISHING/PRODUCING ENTITY CODE |
| MARC country code |
xo |
| ISO country code |
SK |
| 072 #7 - SUBJECT CATEGORY CODE |
| Subject category code |
821.161.1 |
| Subject category code subdivision |
Ruská literatúra, rusky písaná |
| Source |
konspekt |
| 072 #7 - SUBJECT CATEGORY CODE |
| Subject category code |
821.161.1-2 |
| Subject category code subdivision |
Ruská dráma |
| Source |
konspekt |
| 080 ## - UNIVERSAL DECIMAL CLASSIFICATION NUMBER |
| Universal Decimal Classification number |
821.161.1-2 |
| Edition identifier |
2011 |
| 080 ## - UNIVERSAL DECIMAL CLASSIFICATION NUMBER |
| Universal Decimal Classification number |
(0:82-2) |
| Edition identifier |
2011 |
| 080 ## - UNIVERSAL DECIMAL CLASSIFICATION NUMBER |
| Universal Decimal Classification number |
(0:82-22) |
| Edition identifier |
2011 |
| 100 1# - MAIN ENTRY--PERSONAL NAME |
| Personal name |
Gribojedov, Aleksandr Sergejevič, |
| Dates associated with a name |
1795-1829 |
| Relationship |
aut |
| 240 10 - UNIFORM TITLE |
| Uniform title |
Gore ot uma |
| Language of a work |
Slovensky |
| 245 10 - TITLE STATEMENT |
| Title |
Útrapy z rozumu |
| Remainder of title |
veršovaná komédia v štyroch dejstvách |
| Statement of responsibility, etc. |
A.S. Gribojedov ; preložila M. Martáková-Rázusová |
| 260 ## - PUBLICATION, DISTRIBUTION, ETC. |
| Place of publication, distribution, etc. |
Turčiansky Sv. Martin |
| Name of publisher, distributor, etc. |
Ústredie slovenských ochotníckych divadiel |
| -- |
Matica slovenská |
| Date of publication, distribution, etc. |
1944 |
| Place of manufacture |
Turčiansky Sv. Martin |
| Manufacturer |
Neografia |
| 300 ## - PHYSICAL DESCRIPTION |
| Extent |
134, [i] s. |
| Dimensions |
8° |
| 490 1# - SERIES STATEMENT |
| Series statement |
Javisko |
| Volume/sequential designation |
sv. 2 |
| 655 #7 - INDEX TERM--GENRE/FORM |
| Genre/form data or focus term |
ruské drámy |
| Source of term |
SNKPH |
| 655 #7 - INDEX TERM--GENRE/FORM |
| Genre/form data or focus term |
divadelné hry |
| Source of term |
SNKPH |
| 655 #7 - INDEX TERM--GENRE/FORM |
| Genre/form data or focus term |
divadelné komédie |
| Source of term |
SNKPH |
| 655 #7 - INDEX TERM--GENRE/FORM |
| Genre/form data or focus term |
Russian drama |
| Source of term |
SNKPHeng |
| 655 #7 - INDEX TERM--GENRE/FORM |
| Genre/form data or focus term |
Theatre plays |
| Source of term |
SNKPHeng |
| 655 #7 - INDEX TERM--GENRE/FORM |
| Genre/form data or focus term |
Comedies |
| Source of term |
SNKPHeng |
| 700 1# - ADDED ENTRY--PERSONAL NAME |
| Personal name |
Rázusová-Martáková, Mária, |
| Dates associated with a name |
1905-1964 |
| Relationship |
trl |
| 830 #0 - SERIES ADDED ENTRY--UNIFORM TITLE |
| Uniform title |
Javisko |
| 942 ## - ADDED ENTRY ELEMENTS (KOHA) |
| Source of classification or shelving scheme |
Dewey Decimal Classification |
| Koha item type |
Krásna literatúra pre dospelých |
| Suppress in OPAC |
No |
| 949 ## - LOCAL PROCESSING INFORMATION (OCLC) |
| 6 |
270001000321045 |
| a |
svkbbO 3727 |
| b |
svkbbm 40388 |
| p |
Proveniencia: Peč.: Krajská ľudová knižnica Banská Bystrica. |
| 949 ## - LOCAL PROCESSING INFORMATION (OCLC) |
| 6 |
270001000321042 |
| a |
svkbbO 3727-a |
| b |
svkbbm 7022 |
| p |
Proveniencia: Peč.: Krajská ľudová knižnica Banská Bystrica. |
| 949 ## - LOCAL PROCESSING INFORMATION (OCLC) |
| 6 |
369701000014476 |
| a |
aubbD 9357 |
| b |
aubbD9357 |
| p |
Darca: Maťašík, Andrej |
| 949 ## - LOCAL PROCESSING INFORMATION (OCLC) |
| 6 |
17A0542331 |
| a |
snkSD 4951/2 D1 |
| b |
snkKSF 2667/56 |
| q |
rekatalogizácia |
| 949 ## - LOCAL PROCESSING INFORMATION (OCLC) |
| 6 |
369701000015602 |
| a |
aubbD 11389 |
| b |
aubbD11389 |
| 949 ## - LOCAL PROCESSING INFORMATION (OCLC) |
| 6 |
369701000014403 |
| a |
aubbD 9327 |
| b |
aubbD9327 |
| p |
Darca: Maťašík, Andrej |
| 949 ## - LOCAL PROCESSING INFORMATION (OCLC) |
| a |
svkpoA 15132 |
| b |
svkpo35230 |
| s |
6720:20250905 |
| 949 ## - LOCAL PROCESSING INFORMATION (OCLC) |
| 6 |
17A0908159 |
| a |
snkSD 4951/2 |
| b |
snk1275/44 |
| o |
I. 294/44 - ev.č. |
| s |
6100:20180703 |